00242 a2200109 4500001000700000020000600007040001100013100000600024240004900030245004400079362000900123167209 a  cMagnum a-10aIi congresso de educadores agostinianoslpor10aIi congresso de educadores agostinianos0 a1899